| 000 | 00379nam a22001217a 4500 | ||
|---|---|---|---|
| 008 | 230609b xxu||||| |||| 00| 0 eng d | ||
| 082 |
_a354.676 _bGOK |
||
| 110 | _bGOK | ||
| 245 |
_a2010/2011 Estimates Development Expenditure of the GOK for the year ending 30th June,2011 _bVolume 1 _cVotes D01-D20 _hJune 2010 |
||
| 260 |
_aKenya _bGOK _cJune 2010 |
||
| 300 | _a551p | ||
| 942 |
_2ddc _cBK |
||
| 999 |
_c987 _d987 |
||